| 000 | 00917nas a2200301 4500 | ||
|---|---|---|---|
| 001 | BR2011002997 | ||
| 003 | BR-BrBNA | ||
| 005 | 20231205115001.0 | ||
| 007 | ta | ||
| 008 | 230509b bl.|||p| |||| 00| 00por d | ||
| 040 |
_aBR-BrBNA _bpor _cBiblioteca Nacional de Agricultura |
||
| 041 | _a(Pt) | ||
| 072 | _aF04 | ||
| 100 | 1 | _aFernandes, L.J.C. | |
| 100 | 1 | _aBôas, R.L.V. | |
| 100 | 1 | _aBackes, C. | |
| 100 | 1 | _aLima, C.P. | |
| 100 | 1 | _aBüll, L.T. | |
| 245 | 1 | _aContribuição das concentrações de nitrogênio em bulbilhos de alho tratados com doses de N em cobertura | |
| 650 | _aALHO | ||
| 650 | _aBULBILHO | ||
| 650 | _aFERTILIZANTE NITROGENADO | ||
| 650 | _aPRODUTIVIDADE | ||
| 650 | _aFERTILIDADE DO SOLO | ||
| 773 | 0 |
_tHorticultura Brasileira (Brazil) _xISSN 0102-0536 _g(Jan-Mar 2011), v. 29(1) p. 26-31 _wBR2011002997 |
|
| 909 |
_a202311 _bLúcia _c55 _dLúcia Elande |
||
| 942 |
_2AGRIS _n0 _cANA |
||
| 999 |
_c211548 _d211548 |
||